Aus meinen Erinnerungen

Titel: Aus meinen Erinnerungen : 1906 bis 1986 / von Vera von Sass (+)
Verfasser:
In: Baltische Briefe, Band 78, Heft 6 (920) (2025), Seite 8-10
alle Artikel anzeigen
Veröffentlicht: 2025
Format: Aufsatz
Sprache: Deutsch
Schlagworte:
Kein Bild verfügbar
X
alg: 54174502
001A    $03025:02-02-26 
001B    $03025:03-02-26 $t09:11:26.000 
001D    $03025:02-02-26 
001U    $0utf8 
001X    $00 
002@    $0Aou 
002C    $aText $btxt $2rdacontent 
002D    $aohne Hilfsmittel zu benutzen $bn $2rdamedia 
002E    $aBand $bnc $2rdacarrier 
003@    $0541745026 
007A    $0541745026 $aHEB 
010@    $ager 
010E    $erda 
011@    $a2025 
021A    $aAus meinen Erinnerungen $d1906 bis 1986 $hvon Vera von Sass (+) 
028A    $BVerfasser $#Gizycki, Vera von $#Heim, Ira von $4aut $71151466441 $8Sass, Vera$cvon$Z1906-2008 [Tp1] $9425274853 
031A    $d78 $e6 (920) $h8-10 $j2025 
039B    $aEnthalten in $8--Abvc--. Baltische Briefe. - Großhansdorf : Verl. Balt. Briefe, 1948-. - ISSN 0005-4526 $x202500000780006992 $9047806486 
044K    $#Gizycki, Vera von $#Heim, Ira von $71151466441 $8Sass, Vera$cvon$Z1906-2008 [Tp1] $9425274853 
044K    $#Taube, Otto $#Taube, Otto Frh. von $#Tavbe, Otto Freiherr von $#Taube, Otto Adolf Alexander von $#Taube, Otto Ad. Alex. von $#Taube von der Issen, Otto von $#Taube von der Issen, Otto $#Tavbe, Otto von $#Tavbe, Otto von Freiherr $#Issen, Otto von Taube von der $#Taube, Otto Frhr. von $7118756249 $8Taube, Otto$cvon$Z1879-1973 [Tp1] $9087096935 
044K    $71004737-2 $8Baltische Gesellschaft in Deutschland [Tb1] $9041893646 
044K    $#Nordostdeutsche Akademie, Lüneburg $#Ostdeutsche Akademie, Lüneburg $#Nordostdeutsche Akademie $#Ostdeutsche Akademie $#Ost-Akademie, Lüneburg $74841078-0 $8Akademie für Ost-West-Kooperation - Ost-Akademie [Tb1] $9132638118 
044K    $#Lüneburg $#Lunebourg $#Luneburg $#Lunaeburgum $#Hansestadt Lüneburg $#Lümborg $74036512-8 $8Lüneburg [Tg1] $908509904X 
044K    $#Germans Baltic States $#Allemands des Pays baltes $#Baltendeutsche $#Deutsche Baltikum $74011593-8 $8Deutschbalten [Ts1] $9085023647 
044K    $RInteressenverband $#Landsmannschaft Vertriebener $#Vertriebener Interessenverband $#Vertriebenenorganisation $#Vertriebenenverbände $#Deutschland Vertriebenenverband $74063306-8 $8Vertriebenenverband [Ts1] $9085177393 
044K    $#Gesellschaft der Gelehrten auf der Chorherrenstube $#Gelehrte Gesellschaft Zürich $#Die @Gelehrte Zürich $#Zürcherische Gelehrtengesellschaft $74137160-4 $8Gelehrte Gesellschaft [Tb1] $9085512907 
045F    $a370.9479609046 $eDDC23BSB 
045F/01 $a370.9 
045F/03 $f09046 
045F/03 $g4796 
045F/03 $g43 
045R    $aGeschichte 1961-1985 
045T    $a7,44 

lok: 54174502 78

exp: 54174502 78 1 #EPN
201B/01 $002-02-26 $t17:25:27.000 
201C/01 $002-02-26 
201U/01 $0utf8 
203@/01 $01333250568 
208@/01 $a02-02-26 $be 
209A/01 $a/ $f000 $x00 
209A/01 $ab*p $x01 
220C/01 $akoe 
247C/01 $82080>Marburg/Lahn, Herder-Institut, Forschungsbibliothek, Bibliographieportal $9336309341
LEADER 00000caa a2200000 c 4500
001 541745026
003 DE-603
005 20260203091126.0
007 tu
008 260202s2025 xx |||| | u00||u|ger c
035 |a (DE-599)HEB541745026 
040 |a DE-603  |b ger  |c DE-603  |d DE-603  |e rda 
041 |a ger 
082 0 4 |8 1\u  |a 370.9479609046  |q DE-101  |2 23/BSB 
084 |a 7,44  |2 ssgn 
085 |8 1\u  |b 370.9 
085 |8 1\u  |z 1  |s 09046 
085 |8 1\u  |z 2  |s 4796 
085 |8 1\u  |z 2  |s 43 
100 1 |a Sass, Vera von  |d 1906-2008  |e Verfasser  |4 aut  |0 (DE-603)425274853  |0 (DE-588)1151466441  |2 gnd 
245 0 0 |a Aus meinen Erinnerungen  |b 1906 bis 1986  |c von Vera von Sass (+) 
264 0 |c 2025 
336 |a Text  |b txt  |2 rdacontent 
337 |a ohne Hilfsmittel zu benutzen  |b n  |2 rdamedia 
338 |a Band  |b nc  |2 rdacarrier 
600 1 7 |a Sass, Vera von  |d 1906-2008  |0 (DE-588)1151466441  |0 (DE-603)425274853  |2 gnd 
600 1 7 |a Taube, Otto von  |d 1879-1973  |0 (DE-588)118756249  |0 (DE-603)087096935  |2 gnd 
610 1 7 |a Baltische Gesellschaft in Deutschland  |2 gnd  |0 (DE-588)1004737-2  |0 (DE-603)041893646 
610 1 7 |a Akademie für Ost-West-Kooperation - Ost-Akademie  |2 gnd  |0 (DE-588)4841078-0  |0 (DE-603)132638118 
610 1 7 |a Gelehrte Gesellschaft  |2 gnd  |0 (DE-588)4137160-4  |0 (DE-603)085512907 
648 7 |a Geschichte 1961-1985  |2 gnd 
650 7 |a Deutschbalten  |0 (DE-588)4011593-8  |0 (DE-603)085023647  |2 gnd 
650 7 |a Vertriebenenverband  |0 (DE-588)4063306-8  |0 (DE-603)085177393  |2 gnd 
651 7 |a Lüneburg  |0 (DE-588)4036512-8  |0 (DE-603)08509904X  |2 gnd 
773 0 8 |i Enthalten in  |t Baltische Briefe  |d Großhansdorf : Verl. Balt. Briefe, 1948-  |x 0005-4526  |g Band 78, Heft 6 (920) (2025), Seite 8-10  |w (DE-603)047806486  |w (DE-600)536488-7 
924 0 |9 2080  |a (DE-603)1333250568  |b DE-2080  |c HES  |d d  |g /